000 00257nam a2200121Ia 4500
100 _aMukhi/ Vijay
942 _cBK
654 _aOracle 6.0.
245 _aOracle 6.0. The bascis
260 _bB.P.B. Pub
_aNew Delhi
_c1993
546 _aENGLISH
999 _c32324
_d32324